Регионална библиотека "Любен Каравелов" - Русе

Студен ядрен синтез (Запис номер 102379)

MARC детайли
000 -Лидер
Контролно поле с фиксирана дължина 01373nam a2200325 c 4500
003 - Код на организацията, давaща контролен номер
Контролно поле BLK
005 - Дата и час на последна редакция
Контролно поле 20201026095138.0
008 - Елементи от данни с фиксирана дължина
fixed length control field 180409b bul|||||r ||||||| ||bul||
010 ## - Наследен системен номер
LC control number KNG00107445000
020 ## - Международен стандартен номер на книга ISBN
Международен стандартен номер на книга ISBN 954-9761-44-4
-- издат.: Световит
040 ## - Източник на каталожния запис
Идентификатор на билиотеката - собственик на записа BLK
041 ## - Код за език
Код за езика на текст/звукозапис или на отделно заглавие Български
Код за езика КДБФ Български
080 ## - УДК
Текстов определител УДК Българска литература
УДК код - определител по УДК 821.163.2
УДК определител -311.6
УДК - код + определител 821.163.2-311.6
100 1# - Редна дума - Автор
Автор Христозов, Петър
Авторска отговорност първи автор
R(LIN) 370891
139 ## - Редно поле
Редна дума Христозов, Петър
Авторски знак Христод - Х 82
245 10 - Сведения за заглавието
Заглавие Студен ядрен синтез
Подзаглавни данни Полит. роман
Редно поле (дума) Петър Христозов; * Христо Димитров Вълчев.
257 ## - Страна на издаване
Страна на създаване/издаване България
260 ## - Област на издателските данни
-- София
Име на издателя, разпространителя и проч. Световит
Година на издаване 2003
Печатница Враца : Полипринт
300 ## - Физическа характеристика
Страници 192 с.
Размери/Мащаб 20 см
380 ## - Жанр
Жанр Худож. лит.
500 ## - Общи забележки
Забележка Кн е продълж. на Аденовирусът - убиец ; Операция Голгота ; Тихата революция. Петър Христозов - псевд. на Христо Вълчев. - Офс. изд.
653 ## - Ключова дума – ненормативна
Ключова дума политически романи
653 ## - Ключова дума – ненормативна
Ключова дума романи
700 1# - Други автори (авторска отговорност)
Лично име Вълчев, Христо Димитров
Автороска отговорност (Описва отношението между автора и произведението) *
9 (RLIN) 366782
852 ## - Местоположение
Форматна сигнатура Цб 215707
856 4# - Електронен адрес и достъп
Електронен формат pdf - файл
Път до файла /url/
856 4# - Електронен адрес и достъп
Електронен формат pdf - файл
Път до файла /url/
942 ## - АРТИКУЛИ
Вид на библиотечния материал Книги
Скрит в OPAC Не
Koha issues (borrowed), all copies 1
944 ## - СЪЗДАВАНЕ И РЕДАКЦИЯ на ЗАПИСА
Създаване/Редакция Създаване
Дата на регистрацията/редакция 04.08.2003
Служител, извършил регистрацията/редакцията Валя_Йорданова
944 ## - СЪЗДАВАНЕ И РЕДАКЦИЯ на ЗАПИСА
Създаване/Редакция Редакция
Дата на регистрацията/редакция 24.08.2005
Служител, извършил регистрацията/редакцията
999 ## - СИСТЕМНИ КОНТРОЛНИ НОМЕРА
Koha biblionumber 102379
Koha biblioitemnumber 102379
Наличности
Код за отписване Код за изгубен артикул Източник на класификационната схема Код за повреда Коз за рестрикции Код за отдаване Артикулен № Име на библиотеката - собственик Име на библиотеката, в която се намира в момента Статус (Текущо местоположение) Дата на вписване в системата Местоположение - отдел Цена в лева Инвентарен номер Систематично азбучна сигнатура Баркод Номер на екземпляра Цена в евро Служебна бележка Служебен тип на артикула
Изтеглен Не е изгубен Universal Decimal Classification Не е повреден без рестрикции заемане за дома 165385 Регионална библиотека "Любен Каравелов" Русе Регионална библиотека "Любен Каравелов" Русе Заемна - подръчен фонд 2003-08-07 Заемна - подръчен фонд 5.50 120000678140 П 886.7-31/Х 82 120000678140 1 2.81 Дост: Pk Вид: Ф N: 16403 Дата: 06.08.2003 Книги
  Не е изгубен   Не е повреден без рестрикции заемане за дома 165386 Регионална библиотека "Любен Каравелов" Русе Регионална библиотека "Любен Каравелов" Русе Заемна - подръчен фонд 2003-11-05 Заемна - подръчен фонд 5.50 120000679673 П 886.7-31/Х 82 120000679673 2 2.81 Дост: DA Вид: А N: 25 Дата: 05.11.2003 Дата инв: 09.02.2018 Бележки инв: П2018 Книги
  Не е изгубен   Не е повреден без рестрикции ползва се в читалня 165387 Регионална библиотека "Любен Каравелов" Русе Регионална библиотека "Любен Каравелов" Русе Хранилище 2005-08-24 Хранилище 5.50 120000696386 Цб 215707 120000696386 3 2.81 Дост: Dp Вид: Д N: 34 Дата: 12.08.2004 Книги
Vip Innovations Ltd, Rousse, Bulgaria 2025